书目信息 |
| 题名: |
哲学苍穹下的美好生活
|
|
| 作者: | 加林 , 施班鲍尔 著 ;王海涛 译 | |
| 分册: | ||
| 出版信息: | 广州 广东人民出版社 2019.08 |
|
| 页数: | 157页 | |
| 开本: | 21cm | |
| 丛书名: | 人文智慧译丛 | |
| 单 册: | ||
| 中图分类: | B-49 | |
| 科图分类: | ||
| 主题词: | 哲学--通俗读物 | |
| 电子资源: | ||
| ISBN: | 978-7-218-13682-0 | |
| 000 | 01387oam2 2200313 450 | |
| 001 | 0120192837834 | |
| 005 | 20201027101932.95 | |
| 010 | @a978-7-218-13682-0@dCNY39.80 | |
| 100 | @a20190826d2019 em y0chiy50 ea | |
| 101 | 1 | @achi@cger |
| 102 | @aCN@b440000 | |
| 105 | @ay z 000yy | |
| 106 | @ar | |
| 200 | 1 | @a哲学苍穹下的美好生活@9zhe xue cang qiong xia de mei hao sheng huo@b专著@f(德)卡塔琳娜·加林,(德)克丽斯塔·施班鲍尔(M. A.)著@g王海涛译 |
| 210 | @a广州@c广东人民出版社@d2019.08 | |
| 215 | @a157页@d21cm | |
| 225 | 2 | @a人文智慧译丛 |
| 312 | @a封面英文题名:How to have a good life | |
| 330 | @a在这本令人耳目一新的实用性指南中,作者向读者展示了如何培养和练习积极的心态。在我们能够掌握到东西方哲学的丰富内涵之前,它们需要被翻译成我们熟悉的语言和思维模式,作者们借助丰富的工具和专业知识来完成了这个艰巨的任务。本书中,有关于提奥奇尼斯和塞内卡,亚里士多德和马克·奥瑞尔,老子、孔子和佛教,阿瑟·叔本华和伊曼努尔·康德,埃里希·弗洛姆和汉娜·阿伦特等的哲学观点。 | |
| 333 | @a哲学爱好者 | |
| 461 | 0 | @12001 @a人文智慧译丛 |
| 510 | 1 | @aHow to have a good life@zeng |
| 606 | 0 | @a哲学@j通俗读物 |
| 690 | @aB-49@v5 | |
| 701 | 0 | @c(德)@a加林@9jia lin@c(Ceming, Katharina)@4著 |
| 701 | 0 | @c(德)@a施班鲍尔@9shi ban bao er@c(Spannbauer, Christa)@4著 |
| 702 | 0 | @a王海涛@9wang hai tao@4译 |
| 801 | 0 | @aCN@b人天书店@c20190826 |
| 905 | @b1297369-72@dB-49@e104@f4 | |
| 哲学苍穹下的美好生活/(德)卡塔琳娜·加林,(德)克丽斯塔·施班鲍尔(M. A.)著/王海涛译.-广州:广东人民出版社,2019.08 |
| 157页;21cm.-(人文智慧译丛) |
| 使用对象:哲学爱好者 |
| ISBN 978-7-218-13682-0:CNY39.80 |
| 在这本令人耳目一新的实用性指南中,作者向读者展示了如何培养和练习积极的心态。在我们能够掌握到东西方哲学的丰富内涵之前,它们需要被翻译成我们熟悉的语言和思维模式,作者们借助丰富的工具和专业知识来完成了这个艰巨的任务。本书中,有关于提奥奇尼斯和塞内卡,亚里士多德和马克·奥瑞尔,老子、孔子和佛教,阿瑟·叔本华和伊曼努尔·康德,埃里希·弗洛姆和汉娜·阿伦特等的哲学观点。 |
| ● |
| 相关链接 |
|
|
|
|
正题名:哲学苍穹下的美好生活
索取号:B-49/104
 
预约/预借
| 序号 | 登录号 | 条形码 | 馆藏地/架位号 | 状态 | 备注 |
| 1 | 1297369 | 212973692 | 第一样本阅览室/ [索取号:B-49/104] | 在馆 | |
| 2 | 1297370 | 212973709 | 第一借阅区/ [索取号:B-49/104] | 在馆 | |
| 3 | 1297371 | 212973718 | 第一借阅区/ [索取号:B-49/104] | 在馆 | |
| 4 | 1297372 | 212973727 | 第一借阅区/ [索取号:B-49/104] | 在馆 |